[Event "EU-ch 19th"]
[Site "Batumi"]
[Date "2018.03.17"]
[Round "1"]
[White "Can, Isik"]
[Black "Anton Guijarro, David"]
[Result "0-1"]
[WhiteElo "2413"]
[BlackElo "2647"]
[Annotator "Mekhitarian,K"]
[PlyCount "80"]
[EventDate "2018.03.17"]
[EventType "swiss"]
[EventRounds "11"]
[EventCountry "GEO"]
[SourceTitle "CBM 184"]
[Source "ChessBase"]
[SourceDate "2018.05.16"]
[SourceVersion "1"]
[SourceVersionDate "2018.05.16"]
[SourceQuality "1"]

1. e4 e5 2. Nf3 Nc6 3. Bb5 a6 4. Bxc6 dxc6 5. O-O Qf6 {This is one of the
possible 'slightly awkward' ways to defend the e5-pawn, like 5...Qd6, 5...f6,
5...Bg4 for example. In any case, Black has a fine position - the Exchange
Variation of the Ruy Lopez hasn't been used a lot in present times. One of the
only GMs that still plays it regularly is Dragan Solak from Turkey.} 6. d4 exd4
7. Bg5 (7. e5 $2 {[%csl Rd5,Rf5][%cal Re4e5,Gc8f5,Ge6d5] This is one of the
first games played in the variation. The attractive e5 move is a notable
strategic mistake - without the light-squared bishop, White is not supposed to
place his own pawns on dark squares. It will limit his own c1-bishop, and will
give access to a lot of squares to the the black light-squared c8-bishop} Qg6
8. Nxd4 Bc5 9. c3 Ne7 $17 {[%cal Ge8g8,Gf7f6] 1/2-1/2 (17) Holzwarth,J-Marco,G
Vienna 1890}) 7... Qd6 8. Nxd4 Bd7 (8... Be7 $5 {is also possible} 9. Bxe7 Nxe7
10. Nc3 Bd7 11. Nb3 O-O-O (11... Qxd1 12. Raxd1 b6 13. f4 O-O-O $11) 12. Qf3
Ng6 13. Qe3 Kb8 14. Nc5 Bc8 15. Rad1 Qf4 $11 {1/2-1/2 (34) Solak,D (2626)
-Eljanov,P (2720) Heraklio 2017}) 9. Nc3 Ne7 {I like this plan better, keeping
the bishop pair (without 8...Be7)} 10. Nb3 $6 {This makes it easier for Black.}
Ng6 $2 {Allowing White to keep the queens with dynamic play is not a good idea.
} (10... Qxd1 $1 {is simply a very comfortable endgame for Black:} 11. Raxd1 b6
12. Rd2 O-O-O 13. Rfd1 f6 14. Be3 Ng6 $15 {[%csl Rb3,Rc3,Re3] 0-1 (43) Sale,S 
(2400)-Georgiev,V (2573) Sibenik 2010. In this position, I feel like White's
minor pieces are very limited, and the bishop pair will slowly outplay the
bishop and knight.}) 11. Qe2 $1 f6 12. Be3 Qe6 13. f4 $1 Qf7 14. Rad1 Bb4 15.
Na4 $5 (15. Bc5 $1 {would be very annoying - Black doesn't have time to solve
all his opening problems} Bxc5+ (15... Bxc3 16. bxc3 O-O-O $2 17. Na5 $1 {
with a decisive attack. For example:} Qxa2 18. Nxb7 Kxb7 19. Ra1 $18) 16. Nxc5
Bc8 17. e5 $1 O-O 18. exf6 Qxf6 (18... gxf6 19. f5 Ne5 20. Nd3 $16 {[%csl Rc8]}
) 19. f5 $16 {[%csl Rc8]}) 15... b6 $2 (15... Bc8 {was sad, but necessary.})
16. a3 $6 (16. Bxb6 $1 {White had to take advantage of his development here,
and the awkwardly placed b4-bishop} cxb6 17. Nxb6 Ra7 18. c3 $1 Be7 (18... Bf8
19. e5 $1 $16 {with a very strong attack}) 19. Nxd7 Rxd7 20. Rxd7 Kxd7 21. Qxa6
$18) 16... c5 $1 {Forced and good.} 17. axb4 Bxa4 18. Qd2 (18. e5 $5 Bb5 19.
Qf3 {[%csl Ga8]} O-O 20. e6 Qxe6 21. f5 Qe7 22. fxg6 Bxf1 $13 {With a
complicated position - the rooks will have great open files in the center,
despite White having two minor pieces in exchange for one of the rooks.}) 18...
Bb5 19. Rfe1 cxb4 20. Nd4 Rd8 21. Qf2 c5 $6 (21... O-O {Probably Black did not
want to allow 22.f5 followed by 23.Ne6:} 22. f5 Ne5 23. Ne6 Rxd1 24. Rxd1 Re8
$17 {preparing ...Bc4, or ...Bc6.}) 22. Nxb5 Rxd1 23. Rxd1 axb5 24. Qe2 $1 O-O
25. Qxb5 Qe6 26. Qd3 {White threatens the fork on f5 now. Black's regrouping
now is far from easy:} Qg4 $6 (26... Nh8 $3 {followed by ...Nf7, controlling
key squares:} 27. Qd5 Qxd5 28. Rxd5 Nf7 $11) 27. Rf1 $6 (27. h3 $1 Qg3 {
The queen stays somewhat out of play here} 28. Rf1 Nh4 29. Rf2 $16 {White may
have dangerous invasions in the centre, and may potentially support the
advance of the e-pawn.}) 27... Re8 28. Qd5+ Qe6 $1 {This idea would not be
possible, if White had played 27.h3 first.} 29. Bc1 $2 (29. Qxe6+ $1 {was
forced} Rxe6 30. e5 $1 (30. f5 $2 Rxe4 $17) 30... Re8 31. g4 $1 fxe5 32. f5 Ne7
33. Rd1 $44 {with great compensation for White.}) 29... Qxd5 30. exd5 Kf7 $17 {
Now Black dominates the open file, and the d5-pawn will become a serious
problem. Not to mention that the c1-bishop doesn't have many prospects.} 31. c4
(31. Kf2 Ne7 32. Rd1 Rd8 {winning the pawn.}) 31... bxc3 32. bxc3 Re4 33. Kf2
Rc4 34. g3 Rxc3 35. Be3 Ne7 {White is completely lost now.} 36. Rd1 Nf5 37. Bc1
h5 38. Ke2 Ke7 39. Bd2 Nd4+ 40. Kf2 Rf3+ {White resigned in view of ...Rd3
next move.} 0-1

[Event "UKR-ch 85th"]
[Site "Rivne"]
[Date "2016.12.14"]
[Round "8"]
[White "Oleksienko, Mikhailo"]
[Black "Kravtsiv, Martyn"]
[Result "1-0"]
[WhiteElo "2615"]
[BlackElo "2645"]
[Annotator "Mikhalchishin,A"]
[PlyCount "75"]
[EventDate "2016.12.06"]
[EventType "tourn"]
[EventRounds "11"]
[EventCountry "UKR"]
[EventCategory "14"]
[SourceTitle "CBM 176"]
[Source "ChessBase"]
[SourceDate "2017.01.17"]
[SourceVersion "1"]
[SourceVersionDate "2017.01.17"]
[SourceQuality "1"]
[WhiteClock "0:03:37"]
[BlackClock "0:00:34"]

1. e4 e5 2. Nf3 Nc6 3. Bb5 a6 4. Bxc6 dxc6 5. O-O Bd6 6. d4 exd4 7. Qxd4 f6 8.
Nbd2 ({Here is a different treatment of the development of the bishop} 8. Be3
Ne7 9. Nbd2 Be6 10. Qc3 Qd7 (10... Ng6 11. Nd4 Qe7 12. Nxe6 Qxe6 13. Qb3 Qxb3
14. axb3 O-O-O 15. Nc4 Rhe8 16. f3 Ne5 17. Nxd6+ cxd6 18. Bb6 Rd7 19. Rfd1 {
Ramirez,A (2547)-Benjamin,J (2575)/ICC INT 2009, with continuous pressure.})
11. Nd4 (11. Nc4 Bxc4 12. Qxc4 Ng6 13. Nd4 Ne5 14. Qb3 O-O-O 15. Nf5 Ng4 (15...
g6 16. Nxd6+ Qxd6 17. h3 g5 18. Rae1 b6 19. f4 gxf4 20. Bxf4 Kb7 {Solak,D 
(2628)-Wojtaszek,R (2748)/Reykjavik 2015, Black has built very solid position.}
) 16. h3 Nxe3 17. Qxe3 Kb8 18. Rad1 Qf7 19. b3 Rhe8 20. Rd3 Bf8 21. Rfd1 Rxd3
22. Qxd3 g6 {Solak,D (2628)-Svidler,P (2745)/Reykjavik 2015, Black has got
very comfortable play.}) 11... Bf7 12. Nc4 O-O 13. Rad1 c5 14. Nb3 Qe6 15. Nxd6
cxd6 16. Bf4 Qxe4 17. Bxd6 Nd5 18. Qe1 Qxe1 19. Rfxe1 Rfc8 {Oleksienko,M (2620)
-Tomashevsky,E (2714)/Doha 2014, with equality.}) 8... Be6 9. b3 Ne7 ({Another
trreatment is} 9... Qe7 10. Nc4 Bc5 11. Qd3 Qd7 12. Qxd7+ Bxd7 13. Be3 Be7 (
13... Bxe3 14. Nxe3 Ne7 15. Rad1 c5 16. e5 Be6 17. exf6 gxf6 18. Nd2 {Socko,B 
(2599)-Bartel,M (2649)/Warsaw POL 2016, Black has some weaknesses.}) 14. Nd4
O-O-O 15. Rad1 Re8 16. f3 Bf8 17. Bf2 Nh6 18. Ne3 Nf7 19. Ne2 g6 20. Nf4 {
Nisipeanu,L (2683)-Carlsen,M (2850)/Reykjavik 2015, with a slightly better
ending.}) 10. Nc4 c5 (10... Bb4 {has been tried here:} 11. Ne3 Qxd4 (11... c5
12. Qxd8+ Rxd8 13. Bb2 Kf7 14. Rfd1 h6 15. Ne1 Bd2 16. Nf1 Ba5 17. Nd3 c4 18.
Nc5 Rxd1 19. Rxd1 Bg4 {Schneider,L (2430)-Lutikov,A (2540)/Jurmala 1978, Black
has got counterplay.}) 12. Nxd4 Bd7 13. Bb2 O-O-O 14. Rad1 Rhe8 15. a3 Bc5 16.
Rfe1 Ng6 17. f3 h5 18. Kf1 h4 19. Ndf5 {Cyborowski,L (2546)-Malaniuk,V (2508)/
Koszalin 2008, White keeps up the pressure.}) 11. Qc3 (11. Nxd6+ {promised
nothing:} cxd6 12. Qd3 O-O 13. Rd1 d5 14. exd5 Qxd5) 11... Nc6 ({Slightly
better play for White was on the cards after} 11... O-O 12. Bb2 b5 13. Nxd6
cxd6 14. Rad1 Qd7 15. Nh4) 12. Nxd6+ cxd6 (12... Qxd6 {was slightly worse:} 13.
Be3 b6 14. Rad1 Qe7 15. Ne1 O-O 16. Nd3 Rfd8 17. f3) 13. Bf4 Qe7 14. Rad1 Rd8
15. Rd2 O-O 16. Rfd1 Ne5 {White has got longlasting pressure on d6,but Black's
position is still very solid.} 17. h3 Nf7 ({Black is suffering after} 17... Rd7
18. Bxe5 fxe5 19. Nh2 $1 Qh4 20. Nf1 b5 21. f3 Qd8 22. Ne3) 18. Nh2 $1 {
The transfer of the knight to stronger squares is very unpleasant for Black.}
Qc7 19. Nf1 Qc6 20. Ng3 ({A more direct way was} 20. Ne3 Qxe4 21. Bxd6 Nxd6 22.
Rxd6 Rxd6 23. Rxd6 Rc8 $2 24. f3) 20... Rd7 21. Qf3 {Now we clearly the
direction of White's transfer of his knight - Ng3-e2-c3-d5.} Ne5 22. Bxe5 dxe5
({Even slight counterplay was preferable:} 22... fxe5 23. Qd3 c4) 23. Rxd7 Bxd7
24. Qd3 Be6 25. c4 b5 26. Nf5 bxc4 27. Qxc4 $1 {Simple, but great tactics for
strategil purposes! Now both Black's queenside pawns are weak.} Re8 $6 ({
It was better was to suffer in a worse endgame} 27... Bxc4 28. Ne7+ Kf7 29.
Nxc6 Bb5 30. Na5 Ke7 31. Rc1 Rc8 32. f3 Rc7 33. Kf2 Kd6 34. h4) 28. Qe2 g6 ({
There was no easy life after} 28... Qb5 29. Qg4 Bxf5 30. exf5 Kh8 31. Rd5) 29.
Ne3 ({There was a simpler way to get a clearly better endgame} 29. Rd6 $1 Qb5
30. Qg4 Qb4 31. Nh6+ Kg7 32. Rxe6 Rxe6 33. Qxe6 Kxh6 34. Qxf6 Qxe4 35. Qxa6)
29... Qxe4 (29... Ra8 {was too passive:} 30. Nd5 Kf7 31. Qe3) 30. Qxa6 Qa8 31.
Qb5 Kf7 32. Nc4 Kg7 33. Nd6 Rf8 ({Or} 33... Rd8 34. Qxc5) 34. Qxc5 Qxa2 35. b4
Qb3 36. Ra1 Rd8 37. Nf5+ $1 {Simple decisive tactics} Kh8 (37... Bxf5 38. Qe7+)
38. Qe7 1-0

[Event "EU-Cup 33rd"]
[Site "Antalya"]
[Date "2017.10.11"]
[Round "4.2"]
[White "Bertagnolli, Alexander"]
[Black "Johannessen, Leif Erlend"]
[Result "1-0"]
[WhiteElo "2372"]
[BlackElo "2496"]
[Annotator "Mikhalchishin,A"]
[PlyCount "89"]
[EventDate "2017.10.08"]
[EventType "team-swiss"]
[EventRounds "7"]
[EventCountry "TUR"]
[SourceTitle "CBM 181"]
[Source "ChessBase"]
[SourceDate "2017.11.10"]
[SourceVersion "1"]
[SourceVersionDate "2017.11.10"]
[SourceQuality "1"]
[WhiteTeam "Augusta Perusia"]
[BlackTeam "Oslo Schakselskap"]
[WhiteTeamCountry "ITA"]
[BlackTeamCountry "NOR"]

1. e4 e5 2. Nf3 Nc6 3. Bb5 a6 4. Bxc6 dxc6 5. O-O Bg4 6. h3 Bh5 {From my point
of view a very strange modern line. If the author of the modern Spanish
Exchange Variation, Robert James Fischer, could see it - he would laugh
terribly!} 7. g4 Bg6 8. Nxe5 Qh4 9. Qf3 f6 10. Nxg6 hxg6 11. d4 $1 {I like
such an attitude - return the pawn and create a strong centre. Top players
were a bit more greedy:} (11. Kg2 g5 12. d3 Ne7 13. Rh1 Qh7 (13... O-O-O 14.
Nd2 Kb8 15. Qe3 Ng6 16. Nf3 Qh7 17. Qe1 c5 18. Qc3 Qg8 19. Qb3 c4 20. Qxc4 Qxc4
21. dxc4 Re8 22. e5 Nxe5 23. Re1 Bd6 24. Nxe5 Bxe5 25. c3 {Solak,D (2598)
-Kapnisis,S (2529) Vrachati 2011 The black pawns on the same colour of squares
as his bishop will become a problem sooner or later.}) 14. Kf1 O-O-O 15. Be3
Kb8 16. Nd2 Qg8 17. Nc4 (17. e5 $1) 17... Ng6 18. Qf5 Rh6 19. a4 Bb4 20. Qf3
Qh7 21. Ke2 Nh4 22. Qg3 Ng6 {So,W (2650)-Kolev,A (2604) Philadelphia 2012,
with equality.}) 11... Qxh3 ({It is better not to hurry about returning the
pawn:} 11... O-O-O 12. Be3 g5 13. Nc3 (13. Nd2 $142) 13... Ne7 14. Kg2 Ng6 15.
Rh1 Qh6 16. Kf1 Bd6 {Chernov,V (2433)-Werle,J (2563) Germany 2009, with
compensation for the pawn.}) 12. Qxh3 Rxh3 13. Nc3 O-O-O ({It was time to
attack the opponent's centre:} 13... c5 14. Nd5 Rc8 15. Kg2 Rh4 16. dxc5 Bxc5
17. Be3 Bd6 $11) 14. Kg2 Rh4 15. Be3 Bd6 16. Rh1 ({It was not a bad idea to
arrange tripled pawns!} 16. g5) 16... Rxg4+ 17. Kf3 f5 18. e5 ({It was
possible to keep a slight advantage after} 18. Rag1 Rxg1 19. Rxg1 fxe4+ 20.
Nxe4 Ne7 21. Bg5) 18... Bf8 $6 ({The grandmaster did not want to keep the
knight on h6, but the bishop there was placed well:} 18... Be7) 19. Rag1 c5 $6
({He did not like tripled pawns} 19... Nh6 20. Rxg4 fxg4+ (20... Nxg4 21. Bg5
Re8 22. Ne2) 21. Ke4 $16) 20. d5 Re8 21. Rxg4 fxg4+ 22. Kg2 ({There was a very
interesting and dangerous trip by the king:} 22. Kf4 g5+ 23. Ke4 Bd6 24. e6)
22... Nh6 23. Bf4 g5 24. Bg3 Nf5 $6 ({It was time for counterplay:} 24... c6
25. dxc6 bxc6 26. Ne4 Nf7 27. Rh5 Nxe5 28. Rxg5 Nf3 29. Rxg4 Ne1+ 30. Kf1 Nxc2
$13) 25. Rh8 Nh4+ 26. Bxh4 gxh4 27. Ne4 ({There was also another strong route
to attack the g4-pawn via d1-e3:} 27. Nd1) 27... Rd8 28. Rxh4 Rxd5 29. Rh8 Rd8
30. Kg3 {Now White wins the pawn.} Be7 31. Rxd8+ Kxd8 32. Kxg4 g6 33. Nf6 $1 {
Making a safe way for the king to attack the g6-pawn.} c4 34. Kg5 Bc5 35. Kxg6
Bxf2 36. Kf7 {Now the e5-pawn is ready to run forward.} Bd4 37. e6 Bxf6 38.
Kxf6 Ke8 39. c3 Kf8 40. e7+ Ke8 41. Ke6 a5 42. Kf6 {Black is in zugzwang -
White just waits for weakening pawn moves and then the king will run to gobble
up all of them.} b5 43. a3 c5 44. Ke6 b4 45. Kd6 {Yes!} 1-0

[Event "Beersheba 16th"]
[Site "Beersheba"]
[Date "1997.02.28"]
[Round "4"]
[White "Kantsler, Boris"]
[Black "Mikhalevski, Victor"]
[Result "1/2-1/2"]
[WhiteElo "2495"]
[BlackElo "2535"]
[Annotator "Mikhalevski,V"]
[PlyCount "54"]
[EventDate "1997.02.24"]
[EventType "tourn"]
[EventRounds "11"]
[EventCountry "ISR"]
[EventCategory "12"]
[SourceTitle "CBM 058"]
[Source "ChessBase"]
[SourceDate "1997.06.01"]
[SourceVersion "1"]
[SourceVersionDate "1997.06.01"]
[SourceQuality "1"]

1. e4 e5 2. Nf3 Nc6 3. Bb5 a6 4. Bxc6 dxc6 5. O-O Qd6 6. Na3 b5 7. c3 c5 8. Nc2
Bb7 9. Re1 {The main line is 9.d4.Here are the other possibilities:} (9. a4 c4
10. axb5 axb5 11. Na3 c6 12. b3 cxb3 13. Qxb3 Nf6 14. d4 Nd7 $14 {0-1
Bliumberg,V-Lukacs,P/Budapest FS07 GM 1994 (33)}) (9. Qe2 $6 c4 $1 10. Nb4 c5
$5 (10... Rd8 $6 {0-1 Beikert,G-Zude,A/GER-ch 1993 (40)}) 11. Nd5 $140 f5 $1) (
9. d3 $6 Ne7 $6 (9... Rd8 $142) 10. Qe2 {Santo Roman,M-Anic,D/FRA-ch 1991/1/
2-1/2 (50)}) 9... Ne7 (9... Rd8 10. a4 Nf6 $6 (10... Ne7 $142 11. axb5 axb5 12.
d4 cxd4 13. cxd4 exd4 14. Qxd4 $14 {Prie 67/(418)}) 11. axb5 axb5 12. d4 $16 {
1-0 Prie,E-Sorin,A/Erevan olm 1996 (54) 67/418}) 10. a4 b4 $5 $146 (10... c4
11. axb5 axb5 12. Rxa8+ Bxa8 13. Na3 c6 14. b3 cxb3 15. Qxb3 Ng6 16. d4 Be7 17.
Nc2 $14 {1/2-1/2 Prie,E-Kolev,A/Elenite-B 1994 (42)}) (10... Ng6 11. axb5 axb5
12. Rxa8+ Bxa8 13. d4 {1/2-1/2 Prie,E-Hjartarson,J/Reykjavik FRA-ISD 1993}) 11.
Ne3 {><c4} (11. cxb4 cxb4 12. d4 exd4 13. Ncxd4 c5 14. Nb3 (14. Nf5 Qxd1 15.
Rxd1 Nxf5 16. exf5 Bxf3 17. gxf3 Be7 $13) 14... Qxd1 15. Rxd1 Bxe4 16. Nxc5
Bxf3 17. gxf3 Nf5 18. Re1+ Be7 $11) 11... f6 $8 12. d4 (12. Nc4 $5 Qd3 13.
Nfxe5 (13. Qb3 $2 Bxe4 $1) 13... fxe5 14. Qh5+ Ng6 15. Nxe5 Qd6 16. d4 $44)
12... cxd4 (12... exd4 13. Nf5 (13. cxd4 Bxe4) 13... Qd7 $5 (13... Nxf5 14.
exf5+ $36) 14. cxb4 O-O-O $13) 13. cxd4 Bxe4 14. Nc4 (14. dxe5 $6 Qxd1 15. Rxd1
Bxf3 16. gxf3 fxe5 $15) 14... Qd5 15. dxe5 (15. Ncd2 Bxf3 16. Qxf3 (16. Nxf3 e4
) 16... Qxf3 17. Nxf3 exd4 18. Nxd4 Kf7 $15 {/\Nd5}) 15... O-O-O $1 (15... Bxf3
$5 16. Qxf3 Qxf3 17. gxf3 O-O-O $1 $11) 16. Nfd2 (16. Qxd5 Bxd5 $15) 16... Bd3
$1 17. exf6 (17. Qb3 $5 h5 $1 {/\Rh8-h6-g6->} (17... Nc6 $2 18. Nd6+) (17... a5
) 18. Qxb4 $140 $2 Nc6 19. Qb3 Bb4 $1) 17... gxf6 $15 {/\Nc6} 18. Ne3 (18. Qb3
$6 Nc6) 18... Qb7 $1 19. Qb3 Nc6 $1 (19... f5 $5) 20. Nec4 (20. Qe6+ Kb8 21.
Qxf6 Rg8 $36) 20... Rg8 $1 21. g3 $8 (21. Nb6+ $2 Qxb6 22. Qxg8 Qxf2+ $1 23.
Kxf2 Bc5+ $19) 21... Rg4 $4 $138 (21... Rg7 $17) 22. Na5 $1 Nxa5 (22... Rxg3+
$6 23. hxg3 Nxa5 24. Qe6+ Kb8 25. Qxf6) 23. Qe6+ Kb8 24. Qxg4 Bc5 $44 25. b3 (
25. Qh5 $5) 25... Bd4 (25... Qd5 $5) 26. Ra2 {/\Bb2} Bc3 $1 27. Re3 $138 Qd5
$44 {><a2,c1,b3} 1/2-1/2